| 000 | 00672nam a2200217 u 4500 | ||
|---|---|---|---|
| 005 | 20220818063545.0 | ||
| 008 | 190207s2010 es r 000 0 spa d | ||
| 020 | _a9786074002645 | ||
| 035 | _aUPN01000228883 | ||
| 049 | _aI | ||
| 050 | 4 |
_aPZ78 _bR4.37 |
|
| 100 | 1 |
_aReyes, Yolanda, _d1959- _931971 |
|
| 245 | 1 | 0 |
_aErnestina la gallina / _cYolanda Reyes, Aitana Carrasco. |
| 260 |
_aMéxico : _bOcéano : _bTravesía, _cc2010. |
||
| 300 |
_a[26] p. : _bprincipalmente il. col. |
||
| 650 | 0 |
_aCuentos infantiles colombianos _94407 |
|
| 650 | 4 |
_aGALLINAS - _vCUENTOS Y LEYENDAS _927875 |
|
| 700 | 1 |
_aCarrasco, Aitana, _ecoaut. |
|
| 905 | _aInfantil | ||
| 999 |
_c200978 _d200978 |
||